Formes des pays commençant par M. - Statistiques

Statistiques générales
  • Ce quiz a été pris 89 fois
  • Le résultat moyen est 15 sur 18
Statistiques - réponses
Par images Réponse % Correct
Madagascar
97%
Maroc
95%
Mexique
95%
Mali
94%
Îles {Marshall}
90%
États Fédérés de {Micronésie}
88%
Mauritanie
84%
Mongolie
83%
Monaco
82%
Mozambique
81%
Maldives
78%
Malawi
77%
Macédoine du Nord
73%
Malaisie
73%
Moldavie
71%
Île {Maurice}
70%
Monténégro
70%
Malte
60%
Aucun quiz correspondant
Distribution des résultats
% des personnes avec chaque résultat
Percentile par nombre de réponses
Votre historique - résultats
Vous n’avez pas pris ce quiz